Statistics for Historical Figures by Letter - I

Click here to take the quiz!

General Stats

  • This quiz has been taken 178 times
  • The average score is 7 of 12

Answer Stats

HintFigure% Correct
Spanish Queen of Castille who married the King of AragonIsabella I
98%
Russian Tsar whose reign saw the conquest of SiberiaIvan the Terrible
92%
Australian zookeeper who was known as "The Crocodile Hunter"Steve Irwin
85%
Father of the above, according to JewsIsaac
78%
Spanish singer, father to Enrique, who has sold the most records in Spanish historyJulio Iglesias
75%
Pope who anulled the Magna CartaInnocent III
71%
Norwegian playwright who wrote "A Doll's House"Henrik Ibsen
56%
Egyptian architect who designed the first known Egyptian pyramidImhotep
49%
British singer-songwriter was known as Cat Stevens before converting to IslamYusuf Islam
44%
Abraham's first son, according to the JewsIshmael
39%
Writer who created Rip Van Winkle and the Headless HorsemanWashington Irving
34%
Name patriarch Jacob received after wrestling the angelIsrael
28%

Score Distribution

Percentile by Number Answered

Percent of People with Each Score

Your Score History

You have not taken this quiz